| 000 | 01318cam a22003011i 4500 | ||
|---|---|---|---|
| 003 | SA-RiAUC | ||
| 005 | 20241106112507.0 | ||
| 008 | 241101s1989 su g b 000r0 ara c | ||
| 040 |
_aSA-RiAUC _bara _cSA-RiAUC _erda |
||
| 082 | 0 | 4 |
_a236.6 _qSA-RiAUC |
| 090 |
_a236.6 _bش ا ف |
||
| 100 | 1 |
_a الشافعي، محمد بن إدريس بن العباس، _d150-204 هجري _eمؤلف. |
|
| 245 | 1 | 0 |
_aثلاثيات الإمام الشافعي / _cجمعها ورتبها وخرجها وعلق عليها خليل إبراهيم ملا خاطر. |
| 250 | _aالطبعة الأولى. | ||
| 264 | 1 |
_aجدة، السعودية : _bدار القبلة للثقافة الإسلامية، _c1989 |
|
| 300 |
_a332 صفحة ؛ _c24 سم. |
||
| 336 |
_aنص _btxt _2rdacontent _3كتاب |
||
| 337 |
_aبدون وسيط _bn _2rdamedia |
||
| 338 |
_aمجلد _bnc _2rdacarrier |
||
| 490 | 0 |
_aمدرسة الإمام الشافعي ؛ _v7 |
|
| 504 | _aببليوجرافية : صفحة 309-318. | ||
| 650 | 7 |
_aالحديث _xإسناد _2aucsh |
|
| 650 | 7 |
_aعلم الحديث _2aucsh |
|
| 650 | 1 | 7 |
_aالحديث _xمسند الشافعي _2aucsh |
| 700 | 1 |
_aالعزامي، خليل إبراهيم ملا خاطر، _d1357 هجري- _eجامع. |
|
| 942 |
_2ddc _cBOOK _n0 |
||
| 949 |
_aSA-JeALM _d241101 _umohamedma123 _n1 |
||
| 999 |
_c2102 _d2102 |
||